Konsep pakaian cara Melayu : satu kajian analisis budaya benda /
Saved in:
| 主要作者: | |
|---|---|
| 格式: | Thesis 图书 |
| 语言: | Malay |
| 出版: |
1991.
|
| 主题: | |
| 标签: |
添加标签
没有标签, 成为第一个标记此记录!
|
| LEADER | 01315cam a2200313 a 4500 | ||
|---|---|---|---|
| 001 | u253177 | ||
| 003 | SIRSI | ||
| 008 | 920907s1991 my t 00 10 may m | ||
| 035 | |a ABE-1424 | ||
| 040 | |a UMM | ||
| 043 | |a a-my--- | ||
| 090 | |a GT1530 |b Sitzi | ||
| 091 | |a Microfiche 12185 | ||
| 100 | 0 | 0 | |a Siti Zainon Ismail, |d 1949- |
| 245 | 1 | 0 | |a Konsep pakaian cara Melayu : |b satu kajian analisis budaya benda / |c oleh Siti Zainon Ismail. |
| 260 | |c 1991. | ||
| 300 | |a xxxiii, 557 leaves : |b ill. ; |c 29 cm. | ||
| 500 | |a Also available on microfiche. Kuala Lumpur : Perpustakaan Universiti Malaya, 1996. 8 fiches : negative ; 11x15 cm. | ||
| 502 | |a Thesis (Ph.D.) -- Jabatan Pengajian Melayu, Fakulti Sastera dan Sains Sosial, Universiti Malaya, 1992. | ||
| 504 | |a Bibliography: leaves 530-557. | ||
| 650 | 0 | |a Clothing and dress |z Malaysia. | |
| 650 | 0 | |a Costume |z Malaysia. | |
| 650 | 0 | |a Women, Malay |x Costume. | |
| 650 | 0 | |a Malays |x Social life and customs. | |
| 710 | 2 | 0 | |a Universiti Malaya. |b Jabatan Pengajian Melayu. |
| 948 | |a 07/09/1992 |b 24/07/2002 | ||
| 596 | |a 1 23 | ||
| 999 | |a GT1530 SITZI |w LC |c 1 |i A011129067 |d 10/1/2022 |e 10/1/2022 |l STACKS |m P01UTAMA |n 144 |r Y |s Y |t TESIS |u 7/9/1992 | ||
| 999 | |a GT1530 SITZI 1991 |w LC |c 1 |i A512855897 |d 29/8/2023 |e 3/6/2015 |f 20/3/2007 |g 1 |l STACKS |m P23MELAYU |n 1 |q 3 |r Y |s Y |t TESIS |u 19/3/2007 | ||
